000 00776nam a2200241Ia 4500
003 OSt
005 20220923222806.0
006 a|||||r|||| 00| 0
007 ta
008 220922b |||||||| |||| 00| 0 hin d
024 _a208,023
037 _cTextual
040 _aARTS
_cARTS
_bhin
041 _2hin
_ahin
082 _aO152,3NSA,1, M0
100 _aसक्सेना, प्रभा
_9156369
245 0 _aटुकड़ो में बंटा इन्द्रधनुष
246 _aṬukaड़o mean banṭā indradhanuṣha
260 _aदिल्ली
_b राजपाल
_c1980
300 _a107पृ.
_ccm.
942 _hO152,3NSA,1, M0
_cTEXL
_2CC
999 _c358619
_d358619